00572nam a2200169 4500003001100000005001700011008004100028020001500069040003900084041000800123082001600131100002800147245012700175260004000302300002300342650003700365LK-CoMWRAF20231207120743.0231125b2002 |||||||| |||| 00| 0 eng d a9559151126 aLK-CoMWRAFdLK-CoMWRAFeLK-CoMWRAF aeng a348.04bHUS aHussain, M. S. Mohammed aHussain's complete digest of case law of Sri Lanka : 1820-2000, bVol-6 Civil Procedure Code to Code of Criminal Procedure aKandy : bArafa (Pvt.) Ltd., c2002 avii, 616 p.; 26 cm aLaw reports, digests, -Sri Lanka